000 01012nac a22003137a 4500
001 BR8902245
003 BR-BrBNA
005 20240105120944.0
008 230509b bl.|||m| |||| 00| 0 por d
040 _aBR-BrBNA
_bpor
_cBiblioteca Nacional de Agricultura
072 _aH10
090 _a2480 BR8902245
100 1 _aJunqueira, N.T.V.
100 1 _aMagalhaes, F.E.L.
100 1 _aLim, M.I.P.M.
110 1 _aCentro Nacional de Pesquisa da Seringueira e Dende, Manaus, AM (Brasil)
245 1 _aControle da Coleobroca Platypus mattai (Brethes)em seringueira, atraves de armadilhas
260 3 _aManaus, AM (Brasil):
_c1988.
300 _a3 p.
490 _aPesquisa em Andamento - Centro Nacional da Pesquisa de Seringueira e Dende (Brazil)
_vno. 55
_xISSN 0101-2118
650 _aCOLEOBROCA
650 _aSERINGUEIRA
650 _aARMADILHA
650 _aATRATIVO
650 _aCAPTURA
650 _aAMAZONAS
909 _a202312
_bLúcia Elande
_c55
_dLúcia Elande
942 _2AGRIS
_n0
_cMS
999 _c282422
_d282422